| 000 | 00767cam a22002534a 4500 | ||
|---|---|---|---|
| 005 | 20260322212031.0 | ||
| 008 | data | ||
| 010 | _a 2003019269 | ||
| 020 | _a0974537616 (alk. paper) | ||
| 020 | _a9780974537610 (alk. paper) | ||
| 040 |
_aDLC _cDLC _dDLC |
||
| 042 | _apcc | ||
| 043 | _an-us--- | ||
| 050 | 0 | 0 |
_aJK2316 _b.M37 2003 |
| 082 | 0 | 0 |
_a324.2736 _222 |
| 092 | _a324.27 Mil 2003 | ||
| 100 | 1 |
_aMiller, Zell, _d1932- |
|
| 245 | 1 | 2 |
_aA national party no more : _bthe conscience of a conservative Democrat / _cZell Miller. |
| 260 |
_aMacon, Ga. : _bStroud & Hall Pub., _cc2003. |
||
| 300 |
_axvi, 240 p. : _bill. ; _c24 cm. |
||
| 610 | 2 | 0 | _aDemocratic Party (U.S.) |
| 856 | 4 | 1 |
_3Table of contents _uhttp://www.loc.gov/catdir/toc/ecip048/2003019269.html |
| 001 | data | ||
| 999 |
_c714 _d714 |
||